| 000 | 00649nam a2200241Ia 4500 | ||
|---|---|---|---|
| 008 | 170203s9999 xx 000 0 und d | ||
| 020 | _a0-142403881 | ||
| 050 | _aFIc | ||
| 050 | _bD131c | ||
| 100 | _aDahl, Roald. | ||
| 245 | _aCharlie and the chocolate factory / | ||
| 245 | _cRoald Dahl ; illustrated by Quentin Blake. | ||
| 260 | _aNew York : | ||
| 260 | _bPuffin Books, | ||
| 260 | _c2005, | ||
| 300 | _a155 pages, [8] pages of plates : | ||
| 300 | _billustrations (some color) ; | ||
| 300 | _c20 cm | ||
| 650 | _aBehavior -- | ||
| 650 | _aFantasy fiction, English. | ||
| 650 | _aHumorous stories. | ||
| 650 | _xFiction. | ||
| 999 |
_c306415 _d306415 |
||